| 000 | 02068nam a2200313Ia 4500 | ||
|---|---|---|---|
| 005 | 20180425113316.0 | ||
| 008 | 130821n fr fr 1 mul d | ||
| 040 |
_aCo-BoUCM _bspa _cSandra Yazo _dSandra Yazo |
||
| 041 | 0 |
_afre _agre |
|
| 082 | 0 | 4 |
_a485 _220 |
| 092 | _aE08N043 | ||
| 100 | 1 |
_aChassang, Alexis _d1827-1888 _963613 |
|
| 242 | 0 | 0 |
_aGramática griega _bsegún el método comparativo-histórico ... curso superior _cpor A Chassang ; Revisada y corregida por P. Clairin. _yspa |
| 245 | 1 | 0 |
_aGrammaire grecque _bD'après la méthode comparative et historique ... Cours supérieur _cpar A. Chassang ... ; Revue et modifiée par P. Clairin ... |
| 250 | _aSeptième édition [Séptima edición] | ||
| 260 |
_aParís (Francia) _bGarnier Frères [Garnier hermanos] ; Typ. Chamerot et Renouard [Imprenta de Chamerot y Renouard] _c[fecha desconocida] |
||
| 300 |
_axv, 372, 110-117 páginas _btablas _c22 x 13 cm. |
||
| 500 | _aDetalles físicos: Encuadernación rígida (holandesa) en cartón forrado en papel. Lomo con tejuelo de papel. Tapa delantera con datos de publicación impresos, enmarcados en orla decorativa. Guardas. Portada impresa en una sola tinta. Texto impreso en una columna con varios tipos y tamaños de letra. Tablas entre el texto. Párrafos numerados. Notas al pie de página. Papel con algunas manchas | ||
| 500 | _aEn la tapa delantera indica: Nouvelle édition [última edición] | ||
| 505 | 1 | _aParte 1 - 3: Morfología: Nociones preliminares ; Declinaciones ; Pronombres ; Adjetivos ; Determinantes ; Conjugaciones ; Adverbios ; Los casos ; Proposiciones simples y compuestas ; Participio absoluto ; Dialectos ; Palabras invariables -- Sintaxis -- Nociones complementarias | |
| 506 | _aConsulta en sala | ||
| 546 | _aTexto en francés y en griego | ||
| 650 | 7 |
_aFilología griega _915720 |
|
| 650 | 7 |
_aGriego _xEnseñanza _916537 |
|
| 650 | 7 |
_aGriego _xGramática _916537 |
|
| 690 |
_aLingüística aplicada _9439 |
||
| 700 | 1 |
_aClairin, Paul _eeditor _963614 _d1846-1922 |
|
| 942 |
_cLIBRO _a12 _e7 _2LOCAL _hE08N043 |
||
| 999 |
_c71988 _d71988 |
||